LIBRARY & INFORMATION CENTRE, KCAET, TAVANUR

ONLINE PUBLIC ACCESS CATALOGUE (OPAC)

Introduction to soil mechanics / (Record no. 14336)

MARC details
000 -LEADER
fixed length control field 00387nam a22001577a 4500
003 - CONTROL NUMBER IDENTIFIER
control field OSt
008 - FIXED-LENGTH DATA ELEMENTS--GENERAL INFORMATION
fixed length control field 250405b |||||||| |||| 00| 0 eng d
020 ## - INTERNATIONAL STANDARD BOOK NUMBER
ISBN 9780470659434
082 ## - DEWEY DECIMAL CLASSIFICATION NUMBER
Classification number 624.15136
Item number BOD/IN
100 ## - MAIN ENTRY--AUTHOR NAME
Personal name Bodo, Bela
100 ## - MAIN ENTRY--AUTHOR NAME
Personal name Jones,Colin
245 ## - TITLE STATEMENT
Title Introduction to soil mechanics /
260 ## - PUBLICATION, DISTRIBUTION, ETC. (IMPRINT)
Place of publication Oxford
Name of publisher Wiley Blackwell
Year of publication 2013
300 ## - PHYSICAL DESCRIPTION
Other physical details 586
942 ## - ADDED ENTRY ELEMENTS (KOHA)
Koha item type Books
Holdings
Withdrawn status Lost status Damaged status Collection code Home library Current library Shelving location Date acquired Source of acquisition Cost, normal purchase price Full call number Accession Number Koha item type
        KAUAET KAUAET General Stacks 17/06/2016 Dream Tech, Trivandrum 3276.72 624.15136 BOD/IN 24441 Books
free website counter